000 00907cam a2200229 a 4500
001 000005783
005 20200929151801.0
008 870410r19831926uy b f001 0 spa
040 _aDO-SdBNP
_cDLC
_dDLC
082 _a989.503
_bF178u
100 1 _aFalcao Espalter, Mario,
_d1892-1941.
_916362
245 1 3 _aEl Uruguay entre dos siglos /
_cMario Falcao Espalter.
260 _aMontevideo, Uruguay :
_bMinisterio de Educación y Cultura,
_c1983.
300 _axvii, 219 p. ;
_c20 cm.
490 1 _aBiblioteca Artigas.
490 1 _aClásicos uruguayos
_v162.
500 _aReimpresión. Originalmente publicado: Entre dos siglos - el Uruguay Alrededor de 1800. Montevideo: Impr. Renacimiento, 1926.
504 _aBibliografía: p. VIII-XVII.
651 4 _aUruguay
_xHistoria
_yHASTA 1810
_916363
830 0 _aBiblioteca Artigas.
_pclásicos uruguayos ;
_v162
_916286
910 _aCatalogación por copia / LC
999 _c5579
_d5579